[Event "GCT Blitz Paris 2016"]
[Site "Paris FRA"]
[Date "2016.06.11"]
[Round "3.3"]
[White "Aronian,L"]
[Black "Nakamura,Hi"]
[Result "1/2-1/2"]
[WhiteElo "2792"]
[BlackElo "2787"]

1.d4 Nf6 2.Nf3 e6 3.c4 d5 4.g3 Be7 5.Bg2 O-O 6.O-O dxc4 7.Qc2 a6 8.a4 Bd7
9.Qxc4 Bc6 10.Bg5 Bd5 11.Qd3 c5 12.Nc3 Bc6 13.Rfd1 cxd4 14.Bxf6 Bxf6 15.Nxd4 Bxg2
16.Kxg2 Bxd4 17.Qxd4 Nc6 18.Qc5 Qa5 19.Ne4 Rfd8 20.Qxa5 Nxa5 21.Nc5 Rxd1
22.Rxd1 h6 23.Rd7 b5 24.b3 Rc8 25.Nxa6 bxa4 26.bxa4 Rc4 27.Ra7 Rxa4 28.Nc5 Ra1
29.Ra8+ Kh7 30.Nd7 g5 31.Ne5 Nb3 32.Rxa1 Nxa1 33.Nxf7 Kg6 34.Nd6 Nb3 35.g4 Nd2
36.h3 Kf6 37.f3 Ke5 38.Nf7+ Kf6 39.Nd8 Ke7 40.Nc6+ Kd6 41.Nb4 Ke5 42.Kf2 Nc4
43.Nc6+ Kd6 44.Nd4 Ke5 45.e3 Kd5 46.Ke2 Ne5 47.Nb5 Kc6 48.Nc3 Kd6 49.Ne4+ Ke7
50.f4 gxf4 51.exf4 Nc6 52.Ke3 Kf7 53.h4 h5 54.g5 Ne7 55.Nd6+ Kf8 56.Ke4 Ng6
57.f5 exf5+ 58.Nxf5 Kf7 59.Kd5 Nf4+ 60.Ke5 Ng6+ 61.Ke4 Ke6 62.Nd4+ Kf7 63.Nf3 Ke6  1/2-1/2

[Event "GCT Blitz Paris 2016"]
[Site "Paris FRA"]
[Date "2016.06.11"]
[Round "4.3"]
[White "Nakamura,Hi"]
[Black "Kramnik,V"]
[Result "1/2-1/2"]
[WhiteElo "2787"]
[BlackElo "2812"]

1.c4 e6 2.d4 d5 3.Nc3 Nf6 4.cxd5 exd5 5.Bg5 c6 6.e3 Bd6 7.Bd3 O-O 8.Qc2 h6
9.Bh4 Re8 10.Nf3 Be6 11.Ne5 c5 12.O-O cxd4 13.exd4 Nc6 14.Nxc6 bxc6 15.Bg3 Nh5
16.Na4 Nxg3 17.hxg3 Rc8 18.Rfe1 Qf6 19.Rad1 Bg4 20.Rxe8+ Rxe8 21.Qxc6 Rc8
22.Qa6 Bxg3 23.fxg3 Qxa6 24.Bxa6 Bxd1 25.Bxc8 Bxa4 26.Bb7 Kf8 27.Bxd5 Ke7
28.Kf2 f5 29.Ke3 g5 30.Bb7 Kd6 31.b3 Bd7 32.Bf3 Be6 33.Kd3 Bf7 34.Kc3 h5
35.a4 g4 36.Bb7 Kc7 37.Ba8 Kb8 38.Bc6 Kc7 39.Bb5 Bd5 40.Bf1 Kd6 41.b4 f4
42.gxf4 h4 43.f5 Ke7 44.Kd3 Kf6 45.Ke3 Kxf5 46.b5 g3 47.a5 Kg5 48.Be2 Bxg2
49.Bf3 Bf1 50.b6 axb6 51.axb6 Ba6 52.b7 Bxb7 53.Bxb7 h3 54.Kf3 g2 55.Kf2 Kf4
56.Ba8 Kf5 57.Bc6 Kf4 58.Bb7 Kf5 59.Bc8+  1/2-1/2

[Event "GCT Blitz Paris 2016"]
[Site "Paris FRA"]
[Date "2016.06.11"]
[Round "5.4"]
[White "Giri,A"]
[Black "Nakamura,Hi"]
[Result "0-1"]
[WhiteElo "2782"]
[BlackElo "2787"]

1.e4 e5 2.Nf3 Nc6 3.Bb5 Nf6 4.d3 Bc5 5.c3 O-O 6.O-O Re8 7.Bg5 a6 8.Ba4 h6
9.Bh4 b5 10.Bc2 g5 11.Bg3 d6 12.Nbd2 Bb6 13.a4 Rb8 14.axb5 axb5 15.Kh1 Kg7
16.Re1 Nh7 17.Nf1 h5 18.h4 g4 19.N3h2 Ne7 20.d4 Ng6 21.Ne3 Be6 22.Nf5+ Kh8
23.f3 exd4 24.cxd4 Bxf5 25.exf5 Rxe1+ 26.Qxe1 Ngf8 27.fxg4 hxg4 28.Nxg4 Nf6
29.Qd1 Nxg4 30.Qxg4 Qf6 31.Rd1 Nh7 32.Bf2 Qh6 33.Kg1 Rg8 34.Qf3 Nf6 35.Bb3 Rg7
36.Re1 Qd2 37.Qe2 Qf4 38.d5 Ng4 39.Bxb6 Qh2+ 40.Kf1 Qh1+ 41.Bg1 Nh2+ 42.Kf2 Rxg2+
43.Ke3 Rxe2+ 44.Kxe2 Qf3+ 45.Kd2 Qxb3 46.Bd4+ Kh7  0-1

[Event "GCT Blitz Paris 2016"]
[Site "Paris FRA"]
[Date "2016.06.11"]
[Round "6.2"]
[White "Nakamura,Hi"]
[Black "Topalov,V"]
[Result "1-0"]
[WhiteElo "2787"]
[BlackElo "2761"]

1.d4 Nf6 2.c4 e6 3.Nc3 Bb4 4.e3 O-O 5.Ne2 d5 6.a3 Bd6 7.cxd5 exd5 8.Ng3 Re8
9.Bd3 c5 10.dxc5 Bxc5 11.O-O Nc6 12.b4 Bb6 13.Nce2 d4 14.e4 Ne5 15.Bf4 Nfg4
16.h3 Nxd3 17.Qxd3 Ne5 18.Bxe5 Rxe5 19.f4 Re8 20.f5 Bd7 21.Kh1 Rc8 22.Rf4 Qg5
23.Rg4 Qe3 24.Qxe3 dxe3 25.Nh5 Bb5 26.Rxg7+ Kh8 27.Rxf7 Bxe2 28.Nf6 Rc7 29.Rxc7 Bxc7
30.Nxe8 Bg3 31.e5 Bb5 32.Nd6 Bd3 33.Nxb7 e2 34.e6 Bxf5 35.e7 Bg6 36.b5 Kg8
37.a4 Kf7 38.a5 Bc2 39.Nc5 Kxe7 40.b6 axb6 41.axb6 Kd6 42.Rc1  1-0

[Event "GCT Blitz Paris 2016"]
[Site "Paris FRA"]
[Date "2016.06.11"]
[Round "7.5"]
[White "Fressinet,L"]
[Black "Nakamura,Hi"]
[Result "0-1"]
[WhiteElo "2687"]
[BlackElo "2787"]

1.d4 Nf6 2.Nf3 e6 3.c4 d5 4.Nc3 Be7 5.Bg5 h6 6.Bh4 O-O 7.e3 Ne4 8.Bxe7 Qxe7
9.Rc1 c6 10.Qc2 Nd7 11.Be2 Nxc3 12.Qxc3 dxc4 13.Qxc4 e5 14.O-O exd4 15.Nxd4 Nf6
16.Bf3 Re8 17.Qc5 Qxc5 18.Rxc5 Bg4 19.Bxg4 Nxg4 20.b4 Nf6 21.Rc2 Re5 22.Rb1 Rd8
23.g3 h5 24.a4 g6 25.a5 a6 26.Rc5 Re7 27.Rc2 Rd5 28.Rc5 Rxc5 29.bxc5 Ne4
30.Nb3 Nc3 31.Rb2 Rd7 32.Rd2 Re7 33.Rd3 Nd5 34.Kf1 f5 35.Nd2 Kf7 36.Nc4 Ke6
37.Ke2 Rd7 38.f3 Nf6 39.Rd6+ Rxd6 40.Nxd6 Kd5 41.Nxb7 Nd7 42.e4+ fxe4 43.fxe4+ Kxe4
44.Nd6+ Kd5 45.Ne8 Nxc5 46.Ke3 Ne6 47.Nf6+ Kd6 48.h4 c5 49.Ke4 c4 50.Ne8+  0-1

[Event "GCT Blitz Paris 2016"]
[Site "Paris FRA"]
[Date "2016.06.11"]
[Round "8.1"]
[White "So,W"]
[Black "Nakamura,Hi"]
[Result "0-1"]
[WhiteElo "2770"]
[BlackElo "2787"]

1.e4 e5 2.Nf3 Nc6 3.Bb5 Nf6 4.d3 Bc5 5.Bxc6 dxc6 6.Nbd2 O-O 7.Nc4 Nd7 8.Qe2 Re8
9.Bg5 f6 10.Be3 a5 11.a4 Be7 12.O-O c5 13.Nh4 Nf8 14.Nf5 Ng6 15.Nxe7+ Qxe7
16.b3 b6 17.f4 exf4 18.Bxf4 f5 19.Bg3 fxe4 20.Qxe4 Qxe4 21.dxe4 Re7 22.Rfe1 Bb7
23.Rad1 Rae8 24.e5 Nf8 25.Rd2 Ne6 26.Red1 Be4 27.Bf2 Rf7 28.Re1 Bc6 29.Be3 h6
30.h4 Bb7 31.Rf2 Rxf2 32.Kxf2 Rf8+ 33.Kg3 Be4 34.Re2 Bd5 35.Na3 Rf5 36.Bg1 Bb7
37.Nb5 Ba6 38.Bh2 Bxb5 39.axb5 h5 40.Kh3 Kf7 41.Rd2 Ke7 42.g4 Rf3+ 43.Bg3 Nf4+
44.Kh2 hxg4 45.Bxf4 Rxf4 46.Kg3 Re4 47.h5 c4 48.bxc4 Rxc4 49.Rd3 a4 50.Kh4 Rxc2
51.Kxg4 Rc5 52.Kf5 Rxb5 53.Rg3 Kf8 54.Rd3 Ra5 55.Rd8+ Ke7 56.Rg8 a3 57.Rxg7+ Kf8
58.Rg1 a2 59.Ra1 b5 60.Ke4 b4 61.Kd4 c5+ 62.Kc4 Ra3 63.h6 Rc3+ 64.Kd5 b3
65.e6 b2 66.h7 Rh3 67.Rf1+ Ke8 68.Rg1 b1=Q  0-1

[Event "GCT Blitz Paris 2016"]
[Site "Paris FRA"]
[Date "2016.06.11"]
[Round "9.5"]
[White "Nakamura,Hi"]
[Black "Carlsen,M"]
[Result "0-1"]
[WhiteElo "2787"]
[BlackElo "2855"]

1.d4 Nf6 2.c4 e6 3.Nf3 d5 4.Nc3 Nbd7 5.Bf4 dxc4 6.e3 b5 7.Nxb5 Bb4+ 8.Nc3 Nd5
9.a3 Nxc3 10.Qd2 Ne2 11.axb4 Nxf4 12.exf4 Bb7 13.Be2 O-O 14.O-O Nb6 15.Ne5 Qd6
16.Rfd1 Rfb8 17.Rac1 Qd5 18.Bf1 h6 19.Nxc4 Nxc4 20.Rxc4 Qd6 21.Rc5 Bd5 22.b5 c6
23.bxc6 Bxc6 24.b4 Bd5 25.b5 Rb7 26.Rdc1 Rd8 27.Qe3 Rbd7 28.Qe5 Qxe5 29.dxe5 g5
30.fxg5 hxg5 31.Rc7 Kg7 32.Rxd7 Rxd7 33.Ra1 Kg6 34.g4 Bf3 35.h3 Rd2 36.Ra3 Bd5
37.Ra1 Bf3 38.Ra3 Bd5 39.f3 f5 40.exf6 Kxf6 41.Rxa7 Bxf3 42.Ra3 Bd5 43.Rc3 Rb2
44.Rc1 Ke5 45.Re1+ Kf4 46.Rd1 Kg3 47.Re1 Rb3 48.Rd1 Bf3 49.Re1 Bd5 50.Rd1 Rb2
51.Re1 Kf4 52.Rd1 Bf3 53.Rd4+ Kg3 54.Rd3 e5 55.Ra3 e4 56.b6 Rxb6 57.Ra2 Rb1
58.Ra3 Kf4 59.Ra2 e3  0-1

[Event "GCT Blitz Paris 2016"]
[Site "Paris FRA"]
[Date "2016.06.12"]
[Round "10.2"]
[White "Nakamura,Hi"]
[Black "Caruana,F"]
[Result "1/2-1/2"]
[WhiteElo "2787"]
[BlackElo "2804"]

1.c4 e6 2.Nc3 d5 3.d4 Be7 4.Nf3 Nf6 5.Bf4 O-O 6.e3 Nbd7 7.c5 Ne4 8.Be2 c6
9.Qc2 f5 10.Ne5 Bf6 11.Nxd7 Bxd7 12.f3 Ng5 13.Bd3 Nf7 14.O-O g6 15.Rad1 e5
16.dxe5 Nxe5 17.e4 fxe4 18.fxe4 Qe7 19.exd5 Qxc5+ 20.Kh1 cxd5 21.Nxd5 Qxd5
22.Bxe5 Rac8 23.Bc3 Bxc3 24.bxc3 Bc6 25.Rfe1 Qg5 26.Be4 Bxe4 27.Qxe4 Rc7
28.c4 Rcf7 29.h3 Qg3 30.c5 Kg7 31.Qd4+ Kh6 32.Qd2+ Qg5 33.Qxg5+ Kxg5 34.Rb1 Rc7
35.Re5+ Rf5 36.Re4 Rfxc5 37.Kh2 h5 38.a4 Rc2 39.Rb3 Kh6 40.Re6 R2c6 41.Rxb7 Rxe6
42.Rxc7 Ra6 43.Rc4 Kg5 44.Kg3 Kf5 45.Kh4 Ra5 46.Rb4 Kf6 47.Kg3 g5 48.Kf3 Rf5+
49.Ke3 Re5+ 50.Kd3 h4 51.Rg4 Kf5 52.Rb4 Re1 53.Rb5+ Kf4 54.Rb4+ Kf5 55.Rb5+ Kf4
56.Rb4+ Kf5 57.Kd4  1/2-1/2

[Event "GCT Blitz Paris 2016"]
[Site "Paris FRA"]
[Date "2016.06.12"]
[Round "11.4"]
[White "Vachier Lagrave,M"]
[Black "Nakamura,Hi"]
[Result "1-0"]
[WhiteElo "2789"]
[BlackElo "2787"]

1.Nf3 Nf6 2.g3 d5 3.Bg2 e6 4.O-O Be7 5.d4 O-O 6.c4 dxc4 7.Qc2 a6 8.a4 Bd7
9.Qxc4 Bc6 10.Bg5 Bd5 11.Qd3 c5 12.Nc3 Bc6 13.Rfd1 cxd4 14.Nxd4 Bxg2 15.Kxg2 Nbd7
16.Rac1 Qa5 17.Bxf6 Nxf6 18.Qf3 Qb4 19.Rc2 Rac8 20.Rcd2 h6 21.h3 Rc7 22.e3 Rfc8
23.Qe2 Qb6 24.Nf3 Rc5 25.e4 e5 26.Nd5 Nxd5 27.exd5 Bd6 28.Nxe5 R5c7 29.Ng4 Qb3
30.Ne3 Qxa4 31.Nf5 Qd7 32.Qg4 g6 33.Nxh6+ Kg7 34.Qh4 Be7 35.Qd4+ Bf6 36.Qe3 Re8
37.Qf4 g5 38.Qf3 Kg6 39.Ng4 Bg7 40.d6 Rc5 41.Rd5 Rxd5 42.Rxd5 f5 43.Ne3 Re5
44.g4 f4 45.Nc4 Rxd5 46.Qxd5 Bxb2 47.Nxb2 Kf6 48.Nc4 b5 49.Qe5+ Kf7 50.Nb6 Qc6+
51.Nd5 Qb7 52.Qf5+ Ke8 53.Qe6+ Kd8 54.h4  1-0

[Event "GCT Blitz Paris 2016"]
[Site "Paris FRA"]
[Date "2016.06.12"]
[Round "12.3"]
[White "Nakamura,Hi"]
[Black "Aronian,L"]
[Result "1/2-1/2"]
[WhiteElo "2787"]
[BlackElo "2792"]

1.d4 Nf6 2.c4 e6 3.Nf3 d5 4.Nc3 Be7 5.Bg5 h6 6.Bh4 O-O 7.e3 Ne4 8.Bxe7 Qxe7
9.Rc1 c6 10.Bd3 Nxc3 11.Rxc3 Nd7 12.O-O dxc4 13.Rxc4 e5 14.Bc2 Nb6 15.Rc5 Nd7
16.Rc3 exd4 17.exd4 Nf6 18.Re1 Qd6 19.Ne5 Rd8 20.Bb3 Nd5 21.Rf3 f6 22.Nc4 Qf8
23.Qd3 Re8 24.Ne3 Kh8 25.h3 Be6 26.Bc2 Bg8 27.a3 Rad8 28.Rf1 Nxe3 29.fxe3 c5
30.Kh1 cxd4 31.exd4 Rd6 32.Rf4 Rc8 33.Bb1 Rc7 34.Re1 Re7 35.Rfe4 Rxe4 36.Qxe4 Re6
37.Qh4 Rxe1+ 38.Qxe1 Bd5 39.Bg6 Qd8 40.Kg1 Kg8 41.h4 Kf8 42.Qc3 b6 43.Kf2 Qd7
44.Qb4+ Qe7 45.Qc3 Qd7 46.Qe3 Qe7 47.Qf4 Qd8 48.g3 Ke7 49.Qe3+ Kd6 50.Qf4+ Ke7
51.Qe3+ Kd6 52.Qd2 Kc7 53.Qf4+ Qd6 54.Ke3  1/2-1/2

[Event "GCT Blitz Paris 2016"]
[Site "Paris FRA"]
[Date "2016.06.12"]
[Round "13.3"]
[White "Kramnik,V"]
[Black "Nakamura,Hi"]
[Result "0-1"]
[WhiteElo "2812"]
[BlackElo "2787"]

1.Nf3 Nf6 2.g3 d5 3.Bg2 e6 4.O-O Be7 5.c4 O-O 6.d4 dxc4 7.Ne5 Nc6 8.Bxc6 bxc6
9.Nxc6 Qe8 10.Nxe7+ Qxe7 11.Qa4 e5 12.dxe5 Qxe5 13.Qxc4 Be6 14.Qd3 Rad8 15.Qe3 Qh5
16.f3 Bc4 17.Nc3 Rfe8 18.g4 Qg6 19.Qf2 Nd5 20.Nxd5 Rxd5 21.Re1 h5 22.g5 f6
23.h4 Rde5 24.e4 f5 25.Bf4 R5e7 26.Rac1 Bxa2 27.Qxa7 Bf7 28.Rxc7 Rxc7 29.Qxc7 fxe4
30.Rxe4 Rxe4 31.fxe4 Qxe4 32.Qe5 Qf3 33.Bg3 Bd5 34.Qe8+ Kh7 35.g6+ Kh6 36.Qh8+ Kxg6
37.Qe8+ Kh7  0-1

[Event "GCT Blitz Paris 2016"]
[Site "Paris FRA"]
[Date "2016.06.12"]
[Round "14.4"]
[White "Nakamura,Hi"]
[Black "Giri,A"]
[Result "1-0"]
[WhiteElo "2787"]
[BlackElo "2782"]

1.Nf3 d5 2.b3 c6 3.Bb2 Bg4 4.Ne5 Bf5 5.e3 Nd7 6.Nxd7 Qxd7 7.Be2 e6 8.d3 Nf6
9.Nd2 Qc7 10.Nf3 Bb4+ 11.c3 Be7 12.Nh4 Bg6 13.h3 Nd7 14.Nxg6 hxg6 15.Qc2 a5
16.c4 Bb4+ 17.Kf1 O-O 18.h4 Be7 19.h5 gxh5 20.Rxh5 Bf6 21.g4 g6 22.Rh3 Bxb2
23.Qxb2 Qe5 24.Qxe5 Nxe5 25.f4 Nd7 26.cxd5 cxd5 27.Ke1 Kg7 28.Kd2 Rac8 29.g5 Rh8
30.Rxh8 Kxh8 31.Rb1 Kg7 32.b4 axb4 33.Rxb4 Nc5 34.Rb5 Kf8 35.Bf3 Rc7 36.d4 Nd7
37.Be2 Ke7 38.Ra5 Nb6 39.Ra7 Nc8 40.Ra3 Nd6 41.Bd3 Nc4+ 42.Bxc4 Rxc4 43.Rb3 Rc7
44.a4 Kd7 45.Rb5 Kd6 46.Kd3 Kd7 47.a5 Kd6 48.e4 dxe4+ 49.Kxe4 Rd7 50.Rc5 Rd8
51.Rb5 Rd7 52.Rb1 Rc7 53.Rb6+ Ke7 54.Ke5 Rd7 55.Rb5 Rc7 56.d5 exd5 57.Kxd5 f6
58.Rb6 Rd7+ 59.Kc5 fxg5 60.fxg5 Kf7 61.Rf6+ Kg7 62.Rd6 Re7 63.Kb6 Kf7 64.Rf6+ Kg7
65.Rf1 Re5 66.Ra1 Rxg5 67.Kxb7 Rb5+ 68.Kc6 Rb8 69.a6 Kf6 70.a7 Ra8 71.Kb7 Rxa7+
72.Kxa7 Ke5 73.Kb6 g5 74.Kc5 g4 75.Re1+ Kf4 76.Kd4 g3 77.Rf1+ Kg4 78.Ke3 Kh3
79.Ra1 Kh2  1-0

[Event "GCT Blitz Paris 2016"]
[Site "Paris FRA"]
[Date "2016.06.12"]
[Round "15.2"]
[White "Topalov,V"]
[Black "Nakamura,Hi"]
[Result "1/2-1/2"]
[WhiteElo "2761"]
[BlackElo "2787"]

1.c4 Nf6 2.Nf3 e6 3.b3 d5 4.Bb2 Be7 5.e3 O-O 6.Be2 c5 7.cxd5 Nxd5 8.Nc3 Nc6
9.O-O b6 10.d4 Nxc3 11.Bxc3 Bf6 12.Rc1 cxd4 13.Nxd4 Nxd4 14.Bxd4 Bxd4 15.Qxd4 Qxd4
16.exd4 Bb7 17.Rc7 Rab8 18.Rfc1 a5 19.h4 Bd5 20.Bb5 Rfd8 21.f3 Ba8 22.Bd7 Kf8
23.Kf2 Bd5 24.Ke3 b5 25.R1c5 a4 26.Bxb5 axb3 27.axb3 Bxb3 28.Ra7 Bd5 29.Ba4 Ra8
30.Rxa8 Rxa8 31.Bc6 Bxc6 32.Rxc6  1/2-1/2

[Event "GCT Blitz Paris 2016"]
[Site "Paris FRA"]
[Date "2016.06.12"]
[Round "16.5"]
[White "Nakamura,Hi"]
[Black "Fressinet,L"]
[Result "1-0"]
[WhiteElo "2787"]
[BlackElo "2687"]

1.d4 Nf6 2.c4 e6 3.Nf3 d5 4.Nc3 Be7 5.Bg5 h6 6.Bh4 O-O 7.e3 Nbd7 8.Rc1 c5
9.cxd5 Nxd5 10.Bxe7 Nxe7 11.dxc5 Nxc5 12.Qxd8 Rxd8 13.b4 Nd7 14.Bd3 Nc6 15.a3 Nce5
16.Bb1 Nxf3+ 17.gxf3 b6 18.Be4 Rb8 19.f4 Nf6 20.Bf3 Bb7 21.Bxb7 Rxb7 22.Ke2 Kf8
23.Nb5 Rbd7 24.Rhd1 Rxd1 25.Rxd1 Rxd1 26.Kxd1 a5 27.bxa5 bxa5 28.Nd4 Ke8
29.Nb3 Ne4 30.f3 Nc3+ 31.Kc2 Nd5 32.Kd3 a4 33.Nc5 Nb6 34.e4 Ke7 35.h4 f6
36.Kd4 g5 37.hxg5 hxg5 38.fxg5 e5+ 39.Kc3 fxg5 40.Kb4 Kd6 41.Nxa4 Nd7 42.Nb2 Kc6
43.Nc4 Kb7 44.Kb5 g4 45.fxg4 Nf6 46.Nd6+ Kc7 47.g5 Nh5 48.Nc4 Ng3 49.g6  1-0

[Event "GCT Blitz Paris 2016"]
[Site "Paris FRA"]
[Date "2016.06.12"]
[Round "17.1"]
[White "Nakamura,Hi"]
[Black "So,W"]
[Result "1/2-1/2"]
[WhiteElo "2787"]
[BlackElo "2770"]

1.d4 d5 2.c4 c6 3.Nf3 Nf6 4.e3 Bf5 5.Nc3 a6 6.h3 h6 7.Bd3 Bxd3 8.Qxd3 e6
9.O-O Bb4 10.Bd2 O-O 11.Nxd5 Nxd5 12.cxd5 Bxd2 13.dxe6 Ba5 14.Qb3 Qc7 15.Ne5 fxe6
16.Qxe6+ Kh7 17.Qg6+ Kg8 18.Qe6+ Kh7 19.Qg6+ Kg8 20.Qe6+  1/2-1/2

[Event "GCT Blitz Paris 2016"]
[Site "Paris FRA"]
[Date "2016.06.12"]
[Round "18.2"]
[White "Carlsen,M"]
[Black "Nakamura,Hi"]
[Result "1-0"]
[WhiteElo "2855"]
[BlackElo "2787"]

1.e4 e5 2.Nf3 Nc6 3.Bb5 Nf6 4.d3 Bc5 5.Bxc6 dxc6 6.h3 O-O 7.Nc3 Re8 8.Be3 Bxe3
9.fxe3 Nd7 10.O-O Nf8 11.Qe1 f6 12.g4 Ng6 13.Qg3 h6 14.Rf2 Qe7 15.Raf1 Be6
16.h4 Qd7 17.Rg2 Rf8 18.d4 exd4 19.exd4 Rae8 20.h5 Nh8 21.Rd1 Qd6 22.Qxd6 cxd6
23.Nh4 d5 24.exd5 Bxd5 25.Nxd5 cxd5 26.Kf1 Re4 27.Nf5 Nf7 28.Re1 Rf4+ 29.Kg1 Ng5
30.Re7 Rf7 31.Re8+ Kh7 32.Kh2 Ne4 33.Nh4 Nd6 34.Rd8 Rc7 35.Rxd6  1-0

[Event "GCT Rapid YourNextMove"]
[Site "Leuven BEL"]
[Date "2016.06.17"]
[Round "1.2"]
[White "Kramnik,V"]
[Black "Nakamura,Hi"]
[Result "1-0"]
[WhiteElo "2812"]
[BlackElo "2787"]

1.Nf3 d5 2.g3 Nf6 3.Bg2 e6 4.O-O Be7 5.c4 O-O 6.b3 c5 7.cxd5 Nxd5 8.Bb2 Nc6
9.d4 cxd4 10.Nxd4 Bd7 11.Na3 Bf6 12.Nc4 Nxd4 13.Bxd4 Bb5 14.Rc1 Rc8 15.a4 Ba6
16.e3 b6 17.Bxd5 Qxd5 18.Bxf6 Qxd1 19.Rfxd1 gxf6 20.Rd7 Bxc4 21.bxc4 a6 22.Ra7 b5
23.axb5 axb5 24.c5 Ra8 25.Rb7 Rfb8 26.c6 b4 27.Rc4 b3 28.Kg2 Kg7 29.Rg4+ Kf8
30.Ra4 Kg7 31.Rxa8 Rxa8 32.Rxb3 Rc8 33.Rc3 f5 34.c7 Kf6 35.Kh3 Kg5 36.Rc5 Kg6
37.g4 e5 38.f4 f6 39.Rc6 exf4 40.exf4 fxg4+ 41.Kxg4 h5+ 42.Kf3 Kf5 43.h4  1-0

[Event "GCT Rapid YourNextMove"]
[Site "Leuven BEL"]
[Date "2016.06.17"]
[Round "2.5"]
[White "Topalov,V"]
[Black "Nakamura,Hi"]
[Result "1-0"]
[WhiteElo "2761"]
[BlackElo "2787"]

1.e4 e5 2.Nf3 Nc6 3.Bc4 Bc5 4.c3 Nf6 5.d3 d6 6.O-O a6 7.a4 O-O 8.Re1 Ba7
9.Nbd2 Ng4 10.Re2 Kh8 11.h3 f5 12.exf5 Nxf2 13.Rxf2 Bxf2+ 14.Kxf2 d5 15.Bb3 Bxf5
16.Kg1 Bxd3 17.Ne1 Bg6 18.Ndf3 e4 19.Nh2 Ne7 20.Be3 Qd6 21.Nc2 Rad8 22.Qd2 c5
23.Rd1 h6 24.Ng4 Bh5 25.Ba2 a5 26.Qe1 Be8 27.b3 b6 28.Bf2 Bh5 29.Bh4 Rd7
30.b4 axb4 31.cxb4 d4 32.Nce3 Bxg4 33.hxg4 Ng6 34.Bg3 Qf6 35.Nf5 e3 36.bxc5 bxc5
37.Qe2 Ne5 38.Bb1 Rfd8 39.Bxe5 Qxe5 40.Nh4 Qg5 41.Ng6+ Kg8 42.Qc4+ Rd5 43.Be4 Qxg4
44.Bxd5+ Kh7 45.Qd3  1-0

[Event "GCT Rapid YourNextMove"]
[Site "Leuven BEL"]
[Date "2016.06.17"]
[Round "3.5"]
[White "Nakamura,Hi"]
[Black "Giri,A"]
[Result "0-1"]
[WhiteElo "2787"]
[BlackElo "2782"]

1.Nf3 d5 2.e3 Nf6 3.d4 c5 4.c4 cxd4 5.exd4 g6 6.cxd5 Nxd5 7.Nc3 Bg7 8.Qb3 Nxc3
9.bxc3 O-O 10.h4 Nc6 11.Ba3 Be6 12.Qxb7 Bd5 13.Qa6 Qc7 14.Bc5 e5 15.Bc4 Bxf3
16.gxf3 exd4 17.Bxf8 Rxf8 18.Kf1 dxc3 19.Re1 Ne5 20.Bd5 c2 21.Kg2 Bh6 22.Qe2 c1=Q
23.Rxc1 Bxc1 24.Rxc1 Qxc1 25.Qxe5 Qc8 26.Bb3 Qf5 27.Qc7 a5 28.Qe7 Kg7 29.a4 Rc8
30.Qb7 Rc5 31.Qa7 Re5 32.Qd4 Qf6 33.Qg4 Rf5 34.Kg3 Qd6+  0-1

[Event "GCT Rapid YourNextMove"]
[Site "Leuven BEL"]
[Date "2016.06.17"]
[Round "4.3"]
[White "Anand,V"]
[Black "Nakamura,Hi"]
[Result "1/2-1/2"]
[WhiteElo "2770"]
[BlackElo "2787"]

1.e4 e5 2.Nf3 Nc6 3.Bb5 Nf6 4.d3 Bc5 5.c3 O-O 6.O-O Re8 7.Nbd2 a6 8.Ba4 d5
9.Qe2 b5 10.Bb3 d4 11.Bc2 Bb6 12.cxd4 Nxd4 13.Nxd4 Bxd4 14.Nb3 Bb6 15.Be3 Qd6
16.Bxb6 Qxb6 17.Qe3 Be6 18.h3 Nd7 19.Rfc1 c5 20.Bd1 Rec8 21.Bg4 Bxg4 22.hxg4 c4
23.Qxb6 Nxb6 24.dxc4 Rxc4 25.Nd2 Rd4 26.Rc2 f6 27.Kf1 Rad8 28.Ke2 Nc4 29.Nxc4 bxc4
30.f3 Kf7 31.Rac1 Kg6 32.Ke1 Rb8 33.Kf2 h5 34.gxh5+ Kxh5 35.Kg3 a5 36.Re2 Kg6
37.Rc3 Kf7 38.b3 cxb3 39.axb3 Rdb4  1/2-1/2

[Event "GCT Rapid YourNextMove"]
[Site "Leuven BEL"]
[Date "2016.06.18"]
[Round "6.2"]
[White "So,W"]
[Black "Nakamura,Hi"]
[Result "1/2-1/2"]
[WhiteElo "2770"]
[BlackElo "2787"]

1.Nf3 d5 2.d4 Nf6 3.c4 e6 4.Nc3 Be7 5.Bf4 O-O 6.e3 Nbd7 7.a3 c5 8.cxd5 Nxd5
9.Nxd5 exd5 10.dxc5 Nxc5 11.Be5 Bf5 12.Be2 Bf6 13.O-O Be4 14.Bxf6 Qxf6 15.Nd4 Ne6
16.Rc1 Nxd4 17.Qxd4 Qxd4 18.exd4 Rfc8 19.Rc5 Rxc5 20.dxc5 d4 21.Rd1 Rd8 22.Bc4 Kf8
23.f3 Bf5 24.Kf2 a5 25.g4 Be6 26.Bd3 Bb3 27.Rd2 Rc8 28.Be4 Rxc5 29.Rxd4 h5
30.h3 hxg4 31.hxg4 Ke7 32.Ke3 b6 33.Kd2 Be6  1/2-1/2

[Event "GCT Rapid YourNextMove"]
[Site "Leuven BEL"]
[Date "2016.06.18"]
[Round "7.5"]
[White "Nakamura,Hi"]
[Black "Vachier Lagrave,M"]
[Result "1/2-1/2"]
[WhiteElo "2787"]
[BlackElo "2789"]

1.e4 c5 2.Nf3 d6 3.d4 cxd4 4.Nxd4 Nf6 5.Nc3 a6 6.Nb3 g6 7.Be2 Bg7 8.Be3 O-O
9.g4 b5 10.g5 Nfd7 11.h4 Bb7 12.Bd4 Nc6 13.Bxg7 Kxg7 14.Qd2 b4 15.Nd5 a5
16.h5 a4 17.Nc1 a3 18.b3 e6 19.Nxb4 Nxb4 20.Qxb4 Nc5 21.f3 Qxg5 22.Nd3 Nxd3+
23.cxd3 Rac8 24.Kf2 Rc2 25.Qd4+ e5 26.Qxd6 Rfc8 27.Rae1 Rxa2 28.hxg6 hxg6
29.Qd7 Rh8 30.Rxh8 Kxh8 31.Qxf7 Qh4+ 32.Kf1 Qh1+ 33.Kf2 Qh4+ 34.Kf1 Qh1+
35.Kf2  1/2-1/2

[Event "GCT Rapid YourNextMove"]
[Site "Leuven BEL"]
[Date "2016.06.18"]
[Round "8.3"]
[White "Aronian,L"]
[Black "Nakamura,Hi"]
[Result "1-0"]
[WhiteElo "2792"]
[BlackElo "2787"]

1.d4 Nf6 2.c4 e6 3.Nc3 Bb4 4.Nf3 O-O 5.Bg5 d5 6.cxd5 exd5 7.e3 c5 8.dxc5 Nbd7
9.Rc1 Qa5 10.a3 Bxc3+ 11.Rxc3 Ne4 12.b4 Nxc3 13.Qa1 Qa4 14.Qxc3 a5 15.b5 Nxc5
16.Qxc5 Bf5 17.Qc3 Rfc8 18.Qa1 Qc2 19.Nd4 Qc1+ 20.Qxc1 Rxc1+ 21.Kd2 Rac8
22.Nxf5 R8c2+ 23.Kd3 Rxf2 24.Ne7+ Kh8 25.g3 Ra1 26.Kd4 Rc1 27.Bg2 Rd2+ 28.Ke5 f6+
29.Kd6 Rc3 30.Rf1 h6 31.Rxf6 hxg5 32.Rf8+ Kh7 33.Bh3 g4 34.Bxg4 Rxe3 35.Bf5+ g6
36.Bxg6+ Kg7 37.Rg8+  1-0

[Event "GCT Rapid YourNextMove"]
[Site "Leuven BEL"]
[Date "2016.06.18"]
[Round "9.4"]
[White "Nakamura,Hi"]
[Black "Caruana,F"]
[Result "1-0"]
[WhiteElo "2787"]
[BlackElo "2804"]

1.Nf3 Nf6 2.e3 g6 3.d4 Bg7 4.c4 O-O 5.Be2 c5 6.d5 e6 7.Nc3 d6 8.O-O Re8 9.Nd2 Na6
10.e4 Nc7 11.Re1 b6 12.dxe6 Nxe6 13.Nf1 Nd4 14.f3 Nh5 15.Bd3 Be5 16.Be3 Nf4
17.Qd2 Qf6 18.Nd5 Nxd5 19.cxd5 Qd8 20.Rac1 a5 21.Bg5 Bf6 22.Bxf6 Qxf6 23.Qf2 b5
24.Ne3 Bd7 25.f4 a4 26.Bb1 a3 27.b3 Rac8 28.Rcd1 Re7 29.h3 h5 30.Rf1 Rce8
31.Rde1 Rxe4 32.Bxe4 Rxe4 33.Ng4 hxg4 34.Rxe4 gxh3 35.gxh3 Bxh3 36.Rfe1 Bg4
37.R4e3 Qf5 38.Rg3 Kg7 39.Qg2 Bh5 40.Qe4 Nf3+ 41.Kf2 Qxe4 42.Rxe4 Nd2 43.Re7 Kf6
44.Rge3 Bg4 45.Ra7 b4 46.Ra6 Kf5 47.Rd3 Ne4+ 48.Ke3 Bh3 49.Rd1 f6 50.Rg1 g5
51.fxg5 fxg5 52.Re1 Ke5 53.Ra8 Nc3 54.Rg8 Kxd5 55.Rxg5+ Kc6 56.Ra1 Kb5 57.Rg8 Bf5
58.Kd2 Bb1 59.Kc1 Be4 60.Rb8+ Kc6 61.Rh8 d5 62.Rh6+ Kb5 63.Rh5 c4 64.bxc4+ Kxc4
65.Rh8 d4 66.Kd2 Bc6 67.Rc8 Ne4+ 68.Ke1 Kc5 69.Ke2 Kd5 70.Rb8 Nc3+ 71.Kd2 Bb5
72.Rh1 Ne4+ 73.Ke1 Nc3 74.Rh5+ Kc4 75.Kd2 Bd7 76.Rb7 Ne4+ 77.Kc1 Bg4 78.Rhb5 Nc3
79.Rxb4+ Kc5 80.Rb3 Nxa2+ 81.Kd2 Nc3 82.Rxa3 Bf3 83.Rb8 Be4 84.Ra5+ Kc4 85.Rc8+ Kb4
86.Ra7 Nb1+ 87.Kc1 Nc3 88.Rd7 Nb5 89.Re7 Bf5 90.Rc6 Bd3 91.Kd2 Bc4 92.Rd7 Bf1
93.Rc1 Bc4 94.Rd8 Be6 95.Re8 Bd7 96.Re5 Nc3 97.Rh1 Kc4 98.Rh7 Bb5 99.Rc7+ Kb4
100.Rc8 Nb1+ 101.Kc1 Nc3 102.Kc2 Ba6 103.Rb8+ Kc4 104.Re7 Nd5 105.Ra7 Bb5
106.Kb2 Kc5 107.Ra5 Nc3 108.Kb3 Kc6 109.Rc8+ Kb6 110.Raa8 Bd7 111.Rab8+ Ka7
112.Rd8 Ne4 113.Kc4 Ng5 114.Rb2 Bc6 115.Rxd4 Nf7 116.Rd1 Bb7 117.Rxb7+  1-0

[Event "GCT Blitz YourNextMove"]
[Site "Leuven BEL"]
[Date "2016.06.19"]
[Round "1.3"]
[White "Vachier Lagrave,M"]
[Black "Nakamura,Hi"]
[Result "0-1"]
[WhiteElo "2789"]
[BlackElo "2787"]

1.e4 e5 2.Nf3 Nc6 3.Bb5 Nf6 4.d3 Bc5 5.c3 O-O 6.O-O Re8 7.Nbd2 a6 8.Bxc6 dxc6
9.Nc4 Bg4 10.h3 Bh5 11.Bg5 b5 12.Na5 Qd7 13.Bxf6 gxf6 14.g4 Bg6 15.Qe2 Bb6
16.Nb3 Rad8 17.Rad1 Re6 18.Rd2 Rd6 19.Rfd1 c5 20.Kg2 a5 21.Na1 h5 22.Kg3 Qc6
23.Nh4 c4 24.Nxg6 fxg6 25.Nc2 hxg4 26.hxg4 cxd3 27.Rxd3 Qc4 28.Ne1 f5 29.gxf5 gxf5
30.exf5 R8d7 31.f6 Rxf6 32.Qh5 Rg7+ 33.Kh3 Qe6+ 34.Kh2 Rh6  0-1

[Event "GCT Blitz YourNextMove"]
[Site "Leuven BEL"]
[Date "2016.06.19"]
[Round "2.3"]
[White "Nakamura,Hi"]
[Black "Kramnik,V"]
[Result "1/2-1/2"]
[WhiteElo "2787"]
[BlackElo "2812"]

1.d4 d5 2.Bf4 c5 3.e3 Nc6 4.c3 Nf6 5.Bd3 Bg4 6.Nf3 e6 7.Nbd2 Bd6 8.h3 Bxf3
9.Qxf3 Bxf4 10.Qxf4 Qe7 11.Nf3 O-O 12.O-O h6 13.Rfe1 a6 14.e4 dxe4 15.Bxe4 Nxe4
16.Rxe4 cxd4 17.Nxd4 Nxd4 18.Rxd4 e5 19.Qe4 f5 20.Qd5+ Kh7 21.Re1 Rae8 22.Qd7 Rf6
23.Rd5 e4 24.Qxe7 Rxe7 25.c4 f4 26.c5 Rfe6 27.b4 g5 28.a4 Kg6 29.Kf1 h5 30.b5 axb5
31.axb5 g4 32.Rc1 e3 33.c6 bxc6 34.bxc6 Rc7 35.hxg4 hxg4 36.fxe3 fxe3 37.Rdc5 e2+
38.Ke1 Kf6 39.R1c2 Kg6 40.g3 Kf6 41.R5c4 Kf5 42.Rf4+ Kg5 43.Rc5+ Kh6 44.Rxg4 Rcxc6
45.Rxc6  1/2-1/2